=LDR 00000nam 2200000 4500 =001 INLIS000000000005124 =005 20130612093400 =008 ***********************************Ind** =035 ##$$0010-061300000005124 =041 ##$$a Ind =082 ##$$a 633.83 =090 ##$$a 633.83, Pai b =100 ##$$a PAIMIN, Farry B =245 ##$$a Budidaya, pengolahan, dan perdagangan jahe, Farry B. Paimin =260 ##$$a 1995 $b Jakarta =300 ##$$a viii, 115 hlm, ilus, 21 cm =650 ##$$a Jahe =650 ##$$a Budidaya =850 ##$$a NBPNMAT